000 00376pab a2200145 454500
008 180718b1968 xxu||||| |||| 00| 0 eng d
245 _aGovernment without tears: A survey (Comments)
260 _c1968
300 _ap.994-1007.
362 _aOct-Dec
650 _aCentral government
773 _aIndian Journal of Public Administration
908 _aN
909 _a100166
999 _c100165
_d100165